| 000 | 00811nam a2200241 a 4500 | ||
|---|---|---|---|
| 005 | 20250408063818.0 | ||
| 008 | 081202s2004 mx r 000 0 spa d | ||
| 020 | _a8449316170 | ||
| 035 | _aUPN01000168293 | ||
| 049 | _aCG | ||
| 050 | 4 |
_aJZ1306 _bB4.6 |
|
| 100 | 1 |
_aBeck, Ulrich, _d1944-2015 _934525 |
|
| 245 | 1 | 0 |
_aPoder y contrapoder en la era global : _bla nueva economía política mundial / _cUlrich Beck ; tr. de R. S. Carbó. |
| 260 |
_aBarcelona, Esp. : _bPaidós, _cc2004. |
||
| 300 | _a430 p. | ||
| 440 | 0 |
_aPaidós estado y sociedad ; _v124 |
|
| 534 |
_pTitulo original: _tMacht und gegenmacht |
||
| 650 | 4 |
_aRelaciones internacionales _914390 |
|
| 650 | 4 |
_aRelaciones económicas internacionales _98185 |
|
| 650 | 7 |
_aNacionalismo _2 _910025 |
|
| 650 | 4 |
_aGlobalización _95377 |
|
| 905 | _aLibro | ||
| 999 |
_c140400 _d140400 |
||